000 00279nam a2200109Ia 4500
008 190914s9999||||xx |||||||||||||| ||und||
100 _aPhilip Kotler
245 0 _aMarketing Management South Asian Perspective
260 _aIndia
_bS. Chand
_c2008
300 _a714
942 _cBK
999 _c10116
_d10116